• 首页
  • 本馆介绍
  • 公告通知
  • 最新文献
  • 馆藏检索
  • 电子资源
  • 读者导购
  • 参考咨询
  • 我的图书馆
  • 登录
  • 详细信息显示
  • 放入我的书架
  • 预约/预借图书
  • 作者相关作品
  • 分类相关作品
  • 丛书相关作品
  • 出版社相关作品

书目信息

  • 表格格式
  • 工作单格式
  • 卡片格式
题名:
马克思的社会与政治思想
    
 
作者: 阿维纳瑞 著 ;张东辉 译
分册:  
出版信息: 北京   知识产权出版社  2016
页数: 313页
开本: 21cm
丛书名: 西方传统 经典与解释
单 册:
中图分类: B0-0 , A715
科图分类:
主题词: 马克思--生事迹--研究 , 马克思--传记 , 恩格斯--生平事迹 , 恩格斯--传记 , 列宁--生平事迹 , 列宁--传记 , 毛泽东--生平事迹 , 毛泽东--传记
电子资源:
ISBN: 978-7-5130-1219-5
000 01337nam0 2200361 450
001 2915
005 20161207085021.29
010    @a978-7-5130-1219-5@dCNY38.00
100    @a20160516d2016 em y0chiy50 ea
101 1  @achi@cheb
102    @aCN@b110000
105    @ay z 001yy
200 1  @a马克思的社会与政治思想@9ma ke si de she hui yu zheng zhi si xiang@dThe social and political thought of Karl Marx@zeng@f(以)阿维纳瑞(Avineri S.)著@g张东辉译
210    @a北京@c知识产权出版社@d2016
215    @a313页@d21cm
225 2  @a西方传统 经典与解释@f黄涛,吴彦主编@i德意志古典法学丛编
330    @a本书作者通过详尽地研究马克思全集关于社会与政治思想的论述来支持自己的主张。内容包括:黑格尔政治哲学的再思考、劳动人、异化与财产等。
461  0 @12001@@@a西方传统 经典与解释@i德意志古典法学丛编
510 1  @aSocial and political thought of Karl Marx@zeng
606 0  @a马克思@x生事迹@x研究
606 0  @a马克思@x传记
606 0  @a恩格斯@x生平事迹
606 0  @a恩格斯@x传记
606 0  @a列宁@x生平事迹
606 0  @a列宁@x传记
606 0  @a毛泽东@x生平事迹
606 0  @a毛泽东@x传记
690    @aB0-0@v5
690    @aA715@v4
701  0 @a阿维纳瑞@9a wei na rui@c(以)@c(Avineri, S.)@4著
702  0 @a张东辉@9zhang dong hui@4译
801  0 @aCN@b大连网信软件有限公司图书馆·11@c20161207
905    @aZUCC@dA715@e227
    
    马克思的社会与政治思想=The social and political thought of Karl Marx/(以)阿维纳瑞(Avineri S.)著/张东辉译.-北京:知识产权出版社,2016
    313页;21cm.-(西方传统 经典与解释/黄涛,吴彦主编.德意志古典法学丛编)
    
    
    ISBN 978-7-5130-1219-5:CNY38.00
    本书作者通过详尽地研究马克思全集关于社会与政治思想的论述来支持自己的主张。内容包括:黑格尔政治哲学的再思考、劳动人、异化与财产等。
●
相关链接 在E读中查询图书 在五车中查询图书 在当当中查询图书 在豆瓣中查询图书


正题名:马克思的社会与政治思想     索取号:A715/227         预约/预借

序号 登录号 条形码 馆藏地/架位号 状态 备注
1 911514   209115143   第一样本阅览室/ [索取号:A715/227] 在馆    
2 911515   209115152   第一借阅区/ [索取号:A715/227] 在馆    
3 911516   209115161   第一借阅区/ [索取号:A715/227] 在馆    
4 911517   209115170   第一借阅区/ [索取号:A715/227] 在馆    
5 911518   209115189   第一借阅区/ [索取号:A715/227] 在馆    
唐山师范学院图书馆 欢迎您!
大连网信软件有限公司© 版权所有